The promise of the metrololis : (Record no. 134006)

MARC details
000 -LEADER
fixed length control field 00763nam a22002297a 4500
005 - DATE AND TIME OF LATEST TRANSACTION
control field 20170124110218.0
010 ## - LIBRARY OF CONGRESS CONTROL NUMBER
LC control number B-163278
020 ## - INTERNATIONAL STANDARD BOOK NUMBER
Terms of availability 750.00
International Standard Book Number 9780195667257
035 ## - SYSTEM CONTROL NUMBER
System control number B-163278
037 ## - SOURCE OF ACQUISITION
Source of stock number/acquisition Cen Lib/Ret
040 ## - CATALOGING SOURCE
Original cataloging agency DPL
Language of cataloging EN
082 ## - DEWEY DECIMAL CLASSIFICATION NUMBER
Classification number 954.32
Item number NAI
100 ## - MAIN ENTRY--PERSONAL NAME
Personal name Nair, Janaki
9 (RLIN) 38107
245 ## - TITLE STATEMENT
Title The promise of the metrololis :
Statement of responsibility, etc by Janaki Nair
Remainder of title Banglore's twentienth century /
260 ## - PUBLICATION, DISTRIBUTION, ETC. (IMPRINT)
Place of publication, distribution, etc New Delhi
Name of publisher, distributor, etc Oxford University Press
Date of publication, distribution, etc 2005
270 ## - ADDRESS
Address YMCA Building, Jai Singh Road
City New Delhi
Postal code 110001
300 ## - PHYSICAL DESCRIPTION
Extent xviii, 454p.
Dimensions 21cm(Hb)
500 ## - GENERAL NOTE
General note Includes bibliographical references and index
650 ## - SUBJECT ADDED ENTRY--TOPICAL TERM
Topical term or geographic name as entry element Social change
9 (RLIN) 91096
650 ## - SUBJECT ADDED ENTRY--TOPICAL TERM
Topical term or geographic name as entry element Social change in literature
9 (RLIN) 38109
942 ## - ADDED ENTRY ELEMENTS (KOHA)
Source of classification or shelving scheme Dewey Decimal Classification
Koha item type English Books
Classification part 954.32
Call number suffix NAI
Holdings
Withdrawn status Lost status Damaged status Not for loan Home library Current library Date acquired Source of acquisition Cost, normal purchase price Total Checkouts Full call number Barcode Date last seen Copy number Cost, replacement price Price effective from Koha item type
        Central Library Central Library 28/07/2015 Cen Lib/Ret 750.00   954.32 NAI B-163278 28/07/2015 1 750.00 28/07/2015 English Books

© Delhi Public Library
Hit Counter
free hit counter